Clubes con más Champions Leagues (1992-2025) - Estadísticas

Estadísticas generales
  • Esta prueba ha sido intentada 181 veces
    28 desde el último reinicio
  • La puntuación promedio es 12 de 15
Estadísticas de respuestas
Número de Champions Respuesta % Correcto
4 F.C. Barcelona
100%
9 Real Madrid
100%
3 A.C. Milan
95%
2 Liverpool
90%
2 Manchester United
90%
3 Bayern de Múnich
80%
2 Chelsea
80%
1 Borussia Dortmund
75%
1 Inter de Milán
75%
1 Paris Saint-Germain
75%
1 Juventus
65%
1 Manchester City
65%
1 Ajax
60%
1 F.C.Porto
60%
1 Olympique de Marsella
40%
No se encontraron pruebas coincidentes
Distribución de puntuación
Porcentaje de gente con cada puntuación
Porcentaje por número respondido
Historial de tus puntuaciones
No has intentado esta prueba desde el último reinicio